NFL 2022-23 League Leaders - Statistics

General Stats
  • This quiz has been taken 101 times
    92 since last reset
  • The average score is 7 of 14
Answer Stats
Leading Answer % Correct
Passing yards Patrick Mahomes
98%
Passing TDs Patrick Mahomes
98%
Receiving Yards Justin Jefferson
83%
Rushing Yards Josh Jacobs
74%
Sacks Nick Bosa
71%
Receiving TDs Davante Adams
60%
Rushing TDs Jamaal Williams
54%
Interceptions #3 CJ Gardner-Johnson
49%
Interceptions #4 Tariq Woolen
33%
Interceptions #2 Minkah Fitzpatrick
23%
Interceptions #1 Justin Simmons
22%
Total Tackles Foyesade Oluokun
15%
Kicking points Jason Myers
13%
Defensive TDs Kendall Fuller
2%
No matching quizzes found
Score Distribution
Percent of People with Each Score
Percentile by Number Answered
Your Score History
You have not taken this quiz since the last reset